Paroles : Gigi l'amoroso - Dalida - Statistiques

Statistiques générales
  • Ce quiz a été pris 143 fois
  • Le résultat moyen est 392 sur 619
Statistiques - réponses
Réponse % Correct
À
100%
à
100%
a
100%
la
98%
La
98%
98%
de
97%
E
95%
é
95%
è
95%
le
95%
Le
95%
Gigi
94%
"Gigi
94%
et
93%
Et
93%
l'Amoroso
93%
da
92%
No
92%
no
92%
du
91%
Du
91%
91%
Ma
91%
n'a
91%
les
90%
Les
90%
qui
90%
il
88%
Il
88%
Je
88%
je
88%
sa
88%
par
87%
un
87%
Ô
86%
cœur
85%
Mais
85%
"Mais
85%
mais
85%
te
85%
va
85%
Moi
84%
moi
84%
se
84%
une
84%
Une
84%
Ça
83%
ça
83%
çà
83%
ce
83%
tous
83%
vous
83%
dans
81%
jamais
81%
petit
81%
tout
81%
Arriva
80%
arriva
80%
d'un
80%
L'histoire
80%
raconter
80%
au
79%
Napoli
79%
sans
79%
vais
79%
chanté
78%
Chante
78%
chante
78%
près
78%
avant
77%
comme
77%
t'en
77%
toute
77%
village
77%
Nous
76%
nous
76%
quand
76%
Quand
76%
noir
74%
quitter
74%
en
73%
En
73%
plus
73%
Tu
73%
tu
73%
femme
72%
ne
72%
nuit
72%
son
72%
bal
71%
boulanger
71%
étions
71%
pas
71%
pour
71%
Pour
71%
tendresse
71%
chanter
70%
guitare
70%
mandoline
70%
velours
70%
amis
69%
grand
69%
quatre
67%
Toujours
67%
américaine
66%
caresse
66%
foule
66%
part
66%
es
65%
parfois
65%
t'aime
64%
coups
63%
d'amour
63%
lui
63%
Lui
63%
samedis
63%
deuil
62%
tambourin
62%
veuve
62%
beau
60%
chantait
60%
même
60%
qu'il
60%
vainqueur
60%
était
59%
fois
59%
jouer
59%
monde
59%
59%
que
59%
dis
58%
jour
58%
n'ai
58%
on
58%
On
58%
arrivait
57%
Ces
57%
cœurs
57%
colonel
57%
grands
57%
riche
57%
toi
57%
toutes
57%
Toutes
57%
Hollywood
56%
mio
56%
ceux
55%
jusqu'à
55%
lo
55%
seras
55%
n'avait
53%
porta
53%
avec
52%
c'était
52%
d'aller
52%
étaient
52%
faisait
52%
femmes
52%
n'aimait
52%
notaire
52%
s'écriait
52%
trop
52%
battre
51%
Celui
51%
folles
51%
gare
51%
mari
51%
là-bas
50%
nos
50%
trompé
50%
aimait
49%
est
49%
C'est
48%
c'est
48%
Giorgio
48%
perdre
48%
proposa
48%
sai
48%
ses
48%
Écoute
47%
venaient
47%
aller
45%
che
45%
Che
45%
départ
45%
frappant
45%
liberté
45%
mouchoirs
45%
ont
45%
Sandro
45%
sole
45%
écouter
44%
ferma
44%
fête
43%
l’œil
43%
L’œil
43%
parce
43%
voilà
43%
chez
42%
Croqueur
42%
été
42%
l'Amour
42%
"Partout
42%
sainte
42%
dansais
41%
haleine
41%
jusqu'au
40%
l'appelait
40%
pris
40%
su
40%
amants
38%
io
38%
n'était
38%
rock
38%
bien
37%
boutique
37%
Ils
37%
ils
37%
qu'est-ce
37%
twist
37%
avait
36%
fermait
36%
Ici
36%
passé
36%
plusieurs
36%
seconde
36%
serré
36%
sont
36%
Américains
35%
auparavant
35%
dit
35%
l'Amérique
35%
pleures
35%
roi
35%
four
34%
Oui
34%
reprit
34%
Zaza
34%
années
33%
conquérir
33%
désespoir
33%
émus
33%
fier
33%
persiennes
33%
sommes
33%
dépasse
31%
devant
30%
frontières
30%
Giuseppe
30%
Luna
30%
napolitain
30%
partait
30%
peux
30%
train
30%
changé
29%
disait-elle
29%
refusa
29%
temps
29%
alors
28%
caprese
28%
cinq
28%
d'allumer
28%
mardis
28%
Pourtant
28%
rentrés
28%
croyais
27%
hivers
27%
étés
26%
ton
26%
arriver
24%
fallu
24%
mis
24%
continuer
23%
courage
23%
l'Americano
23%
aussi
22%
Devenir
22%
cette
21%
reconnaître
21%
comprennent
20%
disparu
20%
entends
20%
lendemain
20%
s'est
20%
absence
19%
hein
19%
malgré
19%
public
19%
qu'est-ce-qu'ils
19%
Attends
17%
eux
17%
good
17%
Luca
17%
news
17%
silence
17%
cran
16%
fond
16%
larme
16%
regarder
16%
Santini
16%
entendait
15%
mélodie
15%
parler
15%
instruments
14%
salle
14%
soupir
14%
dire
13%
Laisse-moi
13%
venir
13%
costumes
12%
Fabrizio
10%
invece
10%
pliant
9%
bravo
8%
vas-y
6%
Caruzos
5%
sei
3%
Sandre
2%
arrivato
1%
"Carmella
1%
Carmella
1%
dico
1%
zio
1%
Cesarina
0%
corri
0%
dall'America"
0%
Gennaro
0%
Guaglione
0%
guaglione
0%
scendi
0%
Aucun quiz correspondant
Distribution des résultats
% des personnes avec chaque résultat
Percentile par nombre de réponses
Votre historique - résultats
Vous n’avez pas pris ce quiz